Elementary number theory / (Record no. 12977)

MARC details
000 -LEADER
fixed length control field 01242cam a2200301 a 4500
001 - CONTROL NUMBER
control field 12353840
003 - CONTROL NUMBER IDENTIFIER
control field OSt
005 - DATE AND TIME OF LATEST TRANSACTION
control field 20211015110811.0
008 - FIXED-LENGTH DATA ELEMENTS--GENERAL INFORMATION
fixed length control field 010321s2002 maua b 001 0 eng
010 ## - LIBRARY OF CONGRESS CONTROL NUMBER
LC control number 2001030785
020 ## - INTERNATIONAL STANDARD BOOK NUMBER
International Standard Book Number 0072325690
040 ## - CATALOGING SOURCE
Original cataloging agency DDC
Transcribing agency HU
Modifying agency DLC
050 00 - LIBRARY OF CONGRESS CALL NUMBER
Classification number QA241
Item number .B83 2002
082 00 - DEWEY DECIMAL CLASSIFICATION NUMBER
Classification number 512.5/BUR
Edition number 21
100 1# - MAIN ENTRY--PERSONAL NAME
Personal name Burton, David M.
9 (RLIN) 908
245 10 - TITLE STATEMENT
Title Elementary number theory /
Statement of responsibility, etc. David M. Burton.
250 ## - EDITION STATEMENT
Edition statement 5th ed.
260 ## - PUBLICATION, DISTRIBUTION, ETC.
Place of publication, distribution, etc. Boston :
Name of publisher, distributor, etc. McGraw-Hill,
Date of publication, distribution, etc. c2002.
300 ## - PHYSICAL DESCRIPTION
Extent xv, 411 p. :
Other physical details ill. ;
Dimensions 25 cm.
440 #0 - SERIES STATEMENT/ADDED ENTRY--TITLE
Title International series in pure and applied mathematics
9 (RLIN) 13893
504 ## - BIBLIOGRAPHY, ETC. NOTE
Bibliography, etc. note Includes bibliographical references (p. 364-369) and index.
650 #0 - SUBJECT ADDED ENTRY--TOPICAL TERM
Topical term or geographic name entry element Number theory.
9 (RLIN) 9106
856 42 - ELECTRONIC LOCATION AND ACCESS
Materials specified Publisher description
Uniform Resource Identifier <a href="http://www.loc.gov/catdir/description/mh021/2001030785.html">http://www.loc.gov/catdir/description/mh021/2001030785.html</a>
856 41 - ELECTRONIC LOCATION AND ACCESS
Materials specified Table of contents
Uniform Resource Identifier <a href="http://www.loc.gov/catdir/toc/mh021/2001030785.html">http://www.loc.gov/catdir/toc/mh021/2001030785.html</a>
906 ## - LOCAL DATA ELEMENT F, LDF (RLIN)
a 7
b cbc
c orignew
d 1
e ocip
f 20
g y-gencatlg
942 ## - ADDED ENTRY ELEMENTS (KOHA)
Source of classification or shelving scheme Dewey Decimal Classification
Koha item type Books like text book referance book
Suppress in OPAC No
Holdings
Withdrawn status Lost status Source of classification or shelving scheme Damaged status Not for loan Home library Current library Date acquired Total Checkouts Full call number Barcode Date last seen Copy number Price effective from Koha item type
    Dewey Decimal Classification     Natural & Computational Science Library Natural & Computational Science Library 10/15/2021   512.5/BUR NSCLIB000018870 10/15/2021 8 10/15/2021 Books like text book referance book
    Dewey Decimal Classification     Natural & Computational Science Library Natural & Computational Science Library 10/28/2021   512.72/BUR NSCLIB000019043 10/28/2021 6 10/28/2021 Books like text book referance book